Orang yang sabar

Bibliographic Details
Main Author: Saad Ismail Syalabiy
Format: Book
Published: Ciro : Dar Al-Fikir Al-Arabi , 1993
Series:Siri pendidikan Al Quran untuk kanak-kanak
Subjects:

MARC

LEADER 00000cam a2200000 7i4500
001 0000007795
002 000008365
005 20000330.0
020 |a 9836235760 
090 0 0 |a 297.122   |b SYA 
100 0 |a Saad Ismail Syalabiy 
245 1 0 |a Orang yang sabar   |c Saad Ismail Syalabiy 
260 |a Ciro :   |b Dar Al-Fikir Al-Arabi ,   |c 1993 
300 |a 27p. :   |b ill. ;   |c 23cm. 
490 0 |a Siri pendidikan Al Quran untuk kanak-kanak 
650 0 0 |a Quran stories, Malay 
999 |a 039962   |b BUKU   |c PINJAMAN   |e PERPUSTAKAAN KOMUNITI PETALING JAYA 
999 |a 039963   |b BUKU   |c PINJAMAN   |e PERPUSTAKAAN KOMUNITI PETALING JAYA 
999 |a 054960   |b BUKU   |c JUNIOR BOOKS   |e PERPUSTAKAAN KOMUNITI CAW KOTA DAMANSARA